000 00863nam a22002657a 4500
003 CHAP
005 20220329143546.0
008 100528s1991 us a r 00010 eng d
010 _a98537
011 _a99509
020 _a0929521544
035 _a110195
040 _cCHAP
082 1 4 _a378.754
_bW77
100 1 _aWithrow, Dolly
_9122368
245 1 0 _aFrom the grove to the stars
_bWest Virginia State College(1891-1991)
_c/por Dolly Winthrow and Elizabeth H.Scobell
260 _aVirginia :
_bPictorial Histories Publishing Company,
_c1991
300 _axiii, 202 p. :
_bilus.
590 _aCONVERSION
_b10
_c20130109
_lUCH01
_h1354
650 0 4 _aUniversidades
_xHistoria
_xE.U.A.
_9116629
700 1 _aScobell, Elizabeth H.
_9103347
901 _aBK
942 _cLIBRO
949 _a378.754 W77
_bBC
_cLIBRO
_d33724002106827
_eLIBRO
_gI.c/e
_h112641
_i110195
_sb
999 _c98537
_d98537